<?xml version="1.0" encoding="UTF-8"?>
<record
    xmlns:xsi="http://www.w3.org/2001/XMLSchema-instance"
    xsi:schemaLocation="http://www.loc.gov/MARC21/slim http://www.loc.gov/standards/marcxml/schema/MARC21slim.xsd"
    xmlns="http://www.loc.gov/MARC21/slim">

  <leader>00519naa a2200157 a 4500</leader>
  <controlfield tag="001">1018</controlfield>
  <controlfield tag="003">CDMR</controlfield>
  <controlfield tag="005">20130410125402.0</controlfield>
  <controlfield tag="008">130130s    ||||||||||||r|||||||||||||||d</controlfield>
  <datafield tag="040" ind1=" " ind2=" ">
    <subfield code="a">CDMR</subfield>
    <subfield code="b">cat</subfield>
    <subfield code="c">CDMR</subfield>
  </datafield>
  <datafield tag="100" ind1="1" ind2=" ">
    <subfield code="a">Cany&#xE0;, Llucieta</subfield>
    <subfield code="9">802</subfield>
  </datafield>
  <datafield tag="245" ind1="1" ind2="3">
    <subfield code="a">El periodisme i les dones de la Renaixan&#xE7;a</subfield>
    <subfield code="b">: conferencia a R&#xE0;dio Associaci&#xF3; : d&#xED;a 22 de juliol</subfield>
  </datafield>
  <datafield tag="650" ind1="0" ind2="4">
    <subfield code="9">2913</subfield>
    <subfield code="a">Dones periodistes</subfield>
    <subfield code="y">Renaixen&#xE7;a</subfield>
  </datafield>
  <datafield tag="773" ind1="0" ind2=" ">
    <subfield code="t">Associaci&#xF3; de Periodistes de Barcelona</subfield>
    <subfield code="g">1933, Any II, p.159-170</subfield>
    <subfield code="w">315</subfield>
  </datafield>
  <datafield tag="942" ind1=" " ind2=" ">
    <subfield code="c">CAP</subfield>
    <subfield code="2">udc</subfield>
  </datafield>
  <datafield tag="999" ind1=" " ind2=" ">
    <subfield code="c">1018</subfield>
    <subfield code="d">1018</subfield>
  </datafield>
  <datafield tag="952" ind1=" " ind2=" ">
    <subfield code="0">0</subfield>
    <subfield code="1">0</subfield>
    <subfield code="4">0</subfield>
    <subfield code="7">0</subfield>
    <subfield code="a">CDMR</subfield>
    <subfield code="b">CDMR</subfield>
    <subfield code="d">2013-01-16</subfield>
    <subfield code="l">0</subfield>
    <subfield code="p">55008520130116125144</subfield>
    <subfield code="r">2013-01-16</subfield>
    <subfield code="w">2013-01-16</subfield>
    <subfield code="y">CAP</subfield>
  </datafield>
</record>
